| 000 -ლიდერი |
| ფიქსირებული სიგრძის საკონტროლო ველი |
00889nam a22001817a 4500 |
| 003 - საკონტროლო ნომრის იდენტიფიკატორი |
| საკონტროლო ველი |
Ge_BSU |
| 005 - ბოლო ოპერაციის თარიღი და დრო |
| საკონტროლო ველი |
20210415143043.0 |
| 008 - ფიქსირებული სიგრძის მონაცემთა ელემენტები - ზოგადი ინფორმაცია |
| ფიქსირებული სიგრძის საკონტროლო ველი |
200824s2006 ge ||||| |||| 00| 0 geo d |
| 041 ## - ენის კოდი |
| Language code of text/sound track or separate title |
geo |
| Language code of original and/or intermediate translations of text |
rus |
| 080 ## - უნივერსალური ათობითი კლასიფიკაციის ინდექსი |
| Universal Decimal Classification number |
340.1+34(09) ე-56 |
| 100 ## - მთავარი ჩანაწერი - პიროვნების სახელი |
| Personal name |
ელინეკი, გეორგ |
| 9 (RLIN) |
9291 |
| 245 ## - ცნობა სათაურის შესახებ |
| Title |
ძველი სამართლის ბრძოლა ახალ სამართალთან / |
| Statement of responsibility, etc |
გეორგ ელინეკი ; რუს. თარგმ. და წინათქმა ზაზა ნანობაშვილისა ; [რედ. ბესარიონ ზოიძე]. |
| 264 ## - წარმოების, გამოცემის, დისტრიბუციის და სხვა ცნობები |
| გამოცემის, წარმოების, დისტრიბუციის... ადგილი |
თბილისი: |
| გამოცემის, წარმოების, დისტრიბუციის... თარიღი |
ბონა კაუზა, |
| გამოცემის, წარმოების, დისტრიბუციის... სახელწოდება |
2006. |
| 300 ## - ფიზიკური აღწერა |
| Extent |
68გვ. ; |
| Other physical details |
20სმ. |
| 653 ## - INDEX TERM--UNCONTROLLED |
| Uncontrolled term |
სამართლის თეორია |
| 653 ## - INDEX TERM--UNCONTROLLED |
| Uncontrolled term |
სამართლის ისტორია |
| 942 ## - ADDED ENTRY ELEMENTS (KOHA) |
| Source of classification or shelving scheme |
|
| Koha item type |
წიგნი |